[Event "Xtracon Chess Open 2018"]
[Site "Elsinore"]
[Date "2018.07.29"]
[Round "10"]
[White "Johansen, Paul Ivar"]
[Black "O`gorman, Brian"]
[Result "0-1"]
[WhiteElo "1244"]
[BlackElo "1514"]
[EventDate "2018.07.21"]
[WhiteFideId "1508024"]
[BlackFideId "2509601"]

1.Nf3 Nf6 2.c4 g6 3.d4 Bg7 4.Bf4 O-O 5.Nc3 c6 6.Qd2 d5 7.e3 Nbd7 8.c5 Nh5 
9.Ne5 Nxf4 10.Nxd7 Bxd7 11.exf4 Re8 12.O-O-O b5 13.h3 a5 14.a3 b4 15.Na4 
bxa3 16.bxa3 Bh6 17.Nb6 Ra7 18.Nxd7 Qxd7 19.g3 Rb8 20.Qa2 Rab7 21.Kc2 Bg7 
22.Qa1 Rb3 23.Ba6 Qa7 24.Rb1 Rxb1 25.Rxb1 Rxb1 26.Qxb1 Qxa6 27.Qb8+ Bf8 
28.Qe5 Qc4+ 29.Kd2 Qa2+ 30.Ke1 Qxa3 31.f5 Qc3+ 32.Kf1 a4 33.fxg6 hxg6 34.
Qc7 a3 35.Qa7 Qb2 0-1

[Event "Xtracon Chess Open 2018"]
[Site "Elsinore"]
[Date "2018.07.29"]
[Round "10"]
[White "Jensen, Jonbert M. S."]
[Black "Hinrichs, Kurt"]
[Result "1-0"]
[WhiteElo "1481"]
[BlackElo "1223"]
[EventDate "2018.07.21"]
[WhiteFideId "1435914"]
[BlackFideId "12994057"]

1.e4 e6 2.d4 d5 3.e5 c5 4.c3 Nc6 5.Nf3 cxd4 6.cxd4 Nge7 7.Nc3 Nf5 8.Bb5 
Be7 9.O-O O-O 10.Ne2 a6 11.Bd3 h6 12.a3 Qb6 13.Bc2 Bd7 14.b4 Rfc8 15.Bb2 
Nd8 16.Ng3 Nxg3 17.fxg3 a5 18.Qd3 g6 19.Qd2 axb4 20.Qxh6 Rxc2 21.axb4 Rxa1
22.Bxa1 Qxb4 23.h4 Qc4 24.h5 Be8 25.Ng5 Bxg5 26.Qxg5 Qc7 27.h6 f6 28.Qxf6 
Qf7 29.h7+ Kxh7 30.Qh4+ Kg7 31.Rxf7+ Nxf7 32.Qf4 b5 33.Qf1 b4 34.Qb1 Rc4 
35.Bb2 b3 36.Qf1 Ba4 37.Qf6+ Kf8 38.Qxe6 Rc2 39.Ba3+ Kg7 40.Qf6+ Kg8 41.
Qxg6+ Kh8 42.Bf8 1-0

[Event "Xtracon Chess Open 2018"]
[Site "Elsinore"]
[Date "2018.07.29"]
[Round "10"]
[White "Thybo, Jan"]
[Black "Olsen, Lars Peter Levin"]
[Result "0-1"]
[WhiteElo "1272"]
[BlackElo "1106"]
[EventDate "2018.07.21"]
[WhiteFideId "1438824"]
[BlackFideId "1454102"]

1.e4 c5 2.g3 g6 3.Bg2 Bg7 4.Nc3 Nc6 5.d3 Qa5 6.Bd2 Qb4 7.Rb1 Qd4 8.Nge2 
Qd6 9.O-O e6 10.Nb5 Qb8 11.f4 a6 12.Nbc3 Nd4 13.Nxd4 Bxd4+ 14.Kh1 Bg7 15.
e5 d5 16.Ne2 b5 17.c3 Ne7 18.d4 Nf5 19.Ng1 h5 20.Nf3 f6 21.Nh4 Ne7 22.exf6
Bxf6 23.Qc2 Bxh4 24.gxh4 c4 25.Rbe1 Nf5 26.Bh3 Nxh4 27.Bxe6 Bxe6 28.Rxe6+ 
Kf7 29.Re5 Qd6 30.Bc1 Rae8 31.Qf2 Qf6 32.Rxd5 Re7 33.Re5 Kg7 34.d5 Nf5 35.
Qc5 Rhe8 36.Rfe1 Kh6 37.Qc6 Qh4 38.Qc5 Qxe1+ 0-1

[Event "Xtracon Chess Open 2018"]
[Site "Elsinore"]
[Date "2018.07.29"]
[Round "10"]
[White "Schjolin, John"]
[Black "Schnell, Andrea"]
[Result "1/2-1/2"]
[WhiteElo "1160"]
[BlackElo "1270"]
[EventDate "2018.07.21"]
[WhiteFideId "1439413"]
[BlackFideId "16208587"]

1.e4 c6 2.d3 d5 3.Nf3 dxe4 4.dxe4 Qxd1+ 5.Kxd1 Bg4 6.Nd2 e6 7.Bd3 Ne7 8.
Ke2 Ng6 9.Rd1 Nh4 10.Kf1 Nxf3 11.Nxf3 Nd7 12.Be2 Bxf3 13.Bxf3 O-O-O 14.Be3
Kb8 15.Bf4+ e5 16.Be3 Be7 17.a3 h5 18.b4 g5 19.h3 Nb6 20.Bxb6 axb6 21.g4 
hxg4 22.Bxg4 Rd4 23.f3 Rhd8 24.Ke1 Ka7 25.Ke2 Ka6 26.Rab1 Rxd1 27.Rxd1 
Rxd1 28.Kxd1 Kb5 29.Bc8 c5 30.bxc5 Bxc5 31.Bxb7 Bxa3 32.Bd5 f6 33.c4+ Kc5 
34.Ke2 Bc1 35.Be6 Kd6 36.Bd5 Kc5 37.Kd3 Kd6 1/2-1/2

[Event "Xtracon Chess Open 2018"]
[Site "Elsinore"]
[Date "2018.07.29"]
[Round "10"]
[White "Nielsen, Bjorn"]
[Black "Jensen, Johannes Frank"]
[Result "1-0"]
[WhiteElo "1261"]
[BlackElo "1354"]
[EventDate "2018.07.21"]
[WhiteFideId "1416839"]
[BlackFideId "1457942"]

1.d4 d5 2.Nf3 Bg4 3.Nbd2 Nf6 4.e3 a6 5.Be2 Nc6 6.O-O e6 7.b3 Bd6 8.a4 Nd7 
9.Ba3 Nb4 10.Bxb4 Bxb4 11.Ne5 Bxe2 12.Qxe2 Bd6 13.Nxd7 Qxd7 14.f4 f6 15.
Qh5+ g6 16.Qh3 O-O-O 17.Rfb1 Kb8 18.c4 dxc4 19.Nxc4 Bb4 20.Qf3 Bc3 21.Ra2 
g5 22.fxg5 fxg5 23.Ne5 Qe7 24.Rc1 Rhf8 25.Qe2 Bb4 26.Rc6 Rf5 27.Rcc2 Rdf8 
28.Rc1 Qf6 29.Nd7+ Kc8 30.Nxf6 R8xf6 31.Raa1 Rh6 32.Rf1 Rxf1+ 33.Rxf1 Bd6 
34.h3 Kb8 35.Rf7 Ka7 36.e4 Bb4 37.Rxc7 Kb6 38.Rc4 Ba3 39.e5 Rg6 40.Qf2 Rg7
41.d5+ Ka5 42.d6 b6 43.Rc6 Bc5 44.Rxc5+ Kb4 45.Rc7 Rg8 46.Qxb6+ Ka3 47.d7 
Rd8 48.Qxe6 1-0